Sanskrit cintana parampara mein lakshana vimarsha (Record no. 34743)

MARC details
000 -LEADER
fixed length control field 00471nam a2200169Ia 4500
008 - FIXED-LENGTH DATA ELEMENTS--GENERAL INFORMATION
fixed length control field 230917s9999||||xx |||||||||||||| ||und||
020 ## - ISBN
Price RS850
040 ## - CATALOGING SOURCE
-- 258737
Original cataloging agency VIVEKANANDA LIBRARY
041 ## - Language
-- English
082 ## - DDC NUMBER
Classification number 891.2109 S64S
100 ## - MAIN ENTRY--PERSONAL NAME
Personal name Sinha, Anil Kumar
245 #0 - TITLE STATEMENT
Title Sanskrit cintana parampara mein lakshana vimarsha
260 ## - PUBLICATION, DISTRIBUTION, ETC. (IMPRINT)
Place of publication, distribution, etc Delhi
Name of publisher, distributor, etc Aastha Prakashan
Date of publication, distribution, etc 2018
300 ## - PHYSICAL DESCRIPTION
Pages ix, 274 p.
500 ## - GENERAL NOTE
General note 4695 07/12/2022 HBD19/7980 31/10/2019 Main Budget
942 ## - ADDED ENTRY ELEMENTS (KOHA)
Koha item type Books
Holdings
Withdrawn status Lost status Damaged status Not for loan Location (home branch) Sublocation or collection (holding branch) Date acquired Koha issues (times borrowed) Koha full call number Accession No. Koha date last seen Koha item type
        VIVEKANANDA LIBRARY VIVEKANANDA LIBRARY 30/12/2019   891.2109 S64S 389955 17/09/2023 Books
© Designed and Maintained by Vivekananda Library, MDU Rohtak